<?xml version="1.0" encoding="UTF-8"?>
<marc:record xmlns:marc="http://www.loc.gov/MARC21/slim">
   <marc:leader>00000nam a2200000 a 4500</marc:leader>
   <marc:datafield ind1="1" ind2=" " tag="100">
      <marc:subfield code="a">Johnson, Pete</marc:subfield>
      <marc:subfield code="4">aut</marc:subfield>
      <marc:subfield code="e">Verfasser/-in</marc:subfield>
   </marc:datafield>
   <marc:datafield ind1=" " ind2=" " tag="653">
      <marc:subfield code="a">Kinderbuch</marc:subfield>
   </marc:datafield>
   <marc:datafield ind1=" " ind2=" " tag="653">
      <marc:subfield code="a">Kinderbücher bis 11 Jahre</marc:subfield>
   </marc:datafield>
   <marc:datafield ind1=" " ind2=" " tag="653">
      <marc:subfield code="a">Jugendbücher ab 12 Jahre</marc:subfield>
   </marc:datafield>
   <marc:datafield ind1=" " ind2=" " tag="653">
      <marc:subfield code="a">Eltern</marc:subfield>
   </marc:datafield>
   <marc:datafield ind1=" " ind2=" " tag="653">
      <marc:subfield code="a">Internet</marc:subfield>
   </marc:datafield>
   <marc:datafield ind1=" " ind2=" " tag="653">
      <marc:subfield code="a">Schule</marc:subfield>
   </marc:datafield>
   <marc:datafield ind1="0" ind2="0" tag="245">
      <marc:subfield code="a">Wie man seinen Eltern das Internet erklärt</marc:subfield>
   </marc:datafield>
   <marc:datafield ind1="0" ind2="0" tag="245">
      <marc:subfield code="c">Johnson, Pete</marc:subfield>
   </marc:datafield>
   <marc:datafield ind1=" " ind2="1" tag="264">
      <marc:subfield code="a">München</marc:subfield>
      <marc:subfield code="b">arsEdition</marc:subfield>
   </marc:datafield>
   <marc:datafield ind1="1" ind2=" " tag="520">
      <marc:subfield code="a">Angaben aus der Verlagsmeldung 

 

  Wie man seinen Eltern das Internet erklärt How to update your Parents / von Pete Johnson 

 

  Ein witziger Roman über das chaotische Leben als Teenager
Dieses Kinderbuch ist die perfekte Lektüre für alle Fans von „Gregs Tagebuch“ oder „Tom Gates“. Luis bringt nicht nur seine Mitschüler, sondern auch alle Leser zum Lachen! 

 

 Zum Buch: 
Luis ist in der Hölle! Nachdem sein Vater einen Erziehungskurs besucht hat, kündigt er eine computer-, fernseh- und internetfreie Zeit an, in der „die Familie näher zusammenrücken soll“. Der blanke Horror! Doch das Schlimmste kommt erst: Die ganze Schule hält Luis für einen Lügner, weil er allen von seinem tollen Comedy-Fernsehauftritt erzählt hat. Dass ausgerechnet sein Beitrag vom Sender rausgeschnitten wurde, konnte er doch nicht ahnen! Wie soll man da nicht den Humor verlieren? 

 

  

 

 Von Bestsellerautor Pete Johnson: Der Autor der beliebten „Wie man 13 wird“-Reihe legt wieder los! 

 

 Das perfekte Geschenk: Idealer Lesestoff für Jungs und Mädchen ab 10 Jahren 

 

 So macht Lesen Spaß: Kurze Kapitel im Blog-Stil, ein sympathischer Held und witzige Geschichten 

 

 Das Leben als Teenager: Zwischen Eltern, Lehrern und Schule erlebt Luis chaotisch-lustige Abenteuer! 

 

 Extra-Motivation: Zu diesem Buch gibt es ein Quiz bei Antolin  

  

Dieser lustige Kinderroman des britischen Bestsellerautors Pete Johnson („Wie man 13 wird und überlebt“) ist das ideale Geschenk für alle Jungs zwischen 10 und 14 Jahren. Überzeugt auch Lesemuffel! 

  

 Alle Bände der Reihe: 

 Band 1: Wie man seine Eltern erzieht (ISBN 9783845839431) 

 Band 2: Wie man seine peinlichen Eltern erträgt (ISBN 9783845839448) 

 Band 3: Wie man mit seinen verrückten Eltern fertig wird (ISBN 9783845839455) 

 Band 4: Wie man seinen Eltern das Internet erklärt (ISBN 9783845839462)      </marc:subfield>
   </marc:datafield>
   <marc:datafield ind1=" " ind2=" " tag="020">
      <marc:subfield code="a">9783845839462</marc:subfield>
      <marc:subfield code="9">9783845839462</marc:subfield>
   </marc:datafield>
   <marc:datafield ind1=" " ind2=" " tag="020">
      <marc:subfield code="a">3845839465</marc:subfield>
      <marc:subfield code="9">3845839465</marc:subfield>
   </marc:datafield>
   <marc:datafield ind1=" " ind2=" " tag="041">
      <marc:subfield code="a">ger</marc:subfield>
   </marc:datafield>
   <marc:datafield ind1=" " ind2=" " tag="300">
      <marc:subfield code="b">Illustrationen</marc:subfield>
   </marc:datafield>
   <marc:datafield ind1="1" ind2=" " tag="521">
      <marc:subfield code="a">Kind</marc:subfield>
   </marc:datafield>
   <marc:datafield ind1=" " ind2=" " tag="338">
      <marc:subfield code="a">Band</marc:subfield>
   </marc:datafield>
   <marc:datafield ind1=" " ind2=" " tag="300">
      <marc:subfield code="a">184 Seiten</marc:subfield>
   </marc:datafield>
</marc:record>
